000 00894nam a2200265 i 4500
001 19257
003 ES-MaACL
005 20250824222027.0
007 t|
008 020708s2002 sp ||||1| spa d
020 _a84-7844-588-9
080 _a929 Casanova, Giacomo
080 _a821.511.141-83"19"
100 1 _aSzentkuthy, Miklós.
_9108991
245 1 0 _aA propósito de Casanova
_b: notas marginales /
_cMiklós Szentkuthy ; prólogo de Angel Rodríguez Abad ; traducción del húngaro de Judit Xantus.
260 _aMadrid :
_bSiruela,
_c[2002]
300 _a273 p. :
_bil. ;
_c22 cm.
490 1 _aLibros del tiempo ;
_v143
600 1 4 _aCasanova, Giacomo.
_936097
700 1 _aRodríguez Abad, Angel.
_998312
700 1 _aXantus, Judit.
_9117493
830 0 0 _aLibros del tiempo (Siruela)
_v143
_9233603
852 _aES-MaACL
_jL-25692
_bR.131482
999 _c19257
_d19257